| 000 | 00553nam a22001697a 4500 | ||
|---|---|---|---|
| 005 | 20251108163341.0 | ||
| 008 | 250721s1990 xx 000 0 ara d | ||
| 082 | 1 | 4 | _a216,23/است |
| 100 | 1 | _aالإستانبولي، محمود مهدي | |
| 245 | 1 | 0 |
_aصوم رمضان : _bأحكامه الفقهية والطبية - أهدافه ... / |
| 250 | _aط 3 .،جديدة ومزيدة ومنقحة | ||
| 264 | 1 |
_aعمان : _bالمكتبة الإسلامية، _c1990. |
|
| 300 | _a128ص | ||
| 650 | 1 | 7 | _aالصوم |
| 942 |
_2ddc _cBK |
||
| 999 |
_c457 _d457 |
||